Statystyki dla Co to za logo? #2

Kliknij tutaj aby rozwiązać quiz!

Ogólne statystyki

  • Ten quiz został rozwiązany 14 razy
  • Średni wynik to 6 z 20

Statystyki odpowiedzi

Odpowiedź% Poprawnych
Samsung
100%
Sprite
100%
Heineken
92%
Intel
92%
Excel
85%
Reddit
69%
Mattel
23%
Wilson
23%
Chiquita
15%
Cheerios
8%
Hershey's
8%
Jif
8%
Swarovski
8%
Warner Brothers
8%
Chevron
0%
Costco
0%
Hertz
0%
Lululemon
0%
Quaker Oats
0%
Verizon
0%

Rozkład punktacji

Percentyl według liczby udzielonych odpowiedzi

Procent ludzi z każdym wynikiem

Twoja historia wyników

Nie rozwiązałeś tego quizu